| 000 | 01239cam a2200241 4500 | ||
|---|---|---|---|
| 001 | ##E131405 | ||
| 008 | 050826n2005 000 0 eng u | ||
| 020 | _a190438840X | ||
| 035 | _a(Sirsi) u131405 | ||
| 041 | 0 | _aeng | |
| 100 | 1 | _aEntwistle, Mark | |
| 245 |
_aConstruction adjudication _ba CPD study pack |
||
| 260 |
_aReading _bCollege of Estate Management _c2005 |
||
| 300 | _a42p. ; 30cm. | ||
| 350 | _a37 | ||
| 490 | _aCollege of Estate Management CPD Study Pack | ||
| 520 | _aIn 1998 a new approach to dispute resolution was introduced to the construction industry and it has proved an outstanding success. Statutory adjudication under the Housing Grants Regeneration and Construction Act 1996 is now very firmly established as the industry's preferred method of formal dispute resolution. It is imperative that all construction professionals are conversant with the practice and procedure of this radical process. | ||
| 520 | _aNo audio tape accompanying this pack | ||
| 650 | _aCONSTRUCTION ADJUDICATION | ||
| 690 | _aMANAGEMENT-DISPUTE AVOIDANCE, MANAGEMENT AND RESOLUTION-DISPUTE MANAGEMENT AND RESOLUTION-ALTERNATIVE DISPUTE RESOLUTION-ADJUDICATION | ||
| 710 | 2 |
_aCollege of Estate Management _9400 |
|
| 942 | _n0 | ||
| 999 |
_c104748 _d104748 |
||